000 00372nam a22001457a 4500
005 20160111160833.0
008 160111b xxu||||| |||| 00| 0 eng d
040 _cPK-LaUMT
082 _aAMC 972.91063
_bROB-C
100 _aRobert Scheer
245 _aCuba
_ban american tragedy
_cRobert Scheer
260 _aLondon
_bPenguin books
_c1963
300 _a368 p.
942 _cBK
999 _c81294
_d81294